Statistics for Largest Cities in Illinois

Click here to take the quiz!

General Stats

  • This quiz has been taken 26 times
  • The average score is 4 of 7

Answer Stats

Answer % Correct
Chicago
100%
Springfield
82%
Rockford
76%
Peoria
59%
Decatur
35%
Bloomington
24%
Champaigan
0%

Score Distribution

Percentile by Number Answered

Percent of People with Each Score

Your Score History

You have not taken this quiz